Clinical laboratory science : (Record no. 4469)

MARC details
000 -LEADER
fixed length control field 01046pam a2200301 a 4500
001 - CONTROL NUMBER
control field 3854997
003 - CONTROL NUMBER IDENTIFIER
control field OSt
005 - DATE AND TIME OF LATEST TRANSACTION
control field 20160624182728.0
008 - FIXED-LENGTH DATA ELEMENTS--GENERAL INFORMATION
fixed length control field 880517s1989 paua b 001 0 eng c
010 ## - LIBRARY OF CONGRESS CONTROL NUMBER
LC control number 88009050
020 ## - INTERNATIONAL STANDARD BOOK NUMBER
International Standard Book Number 0397508603
040 ## - CATALOGING SOURCE
Original cataloging agency DNLM/DLC
Transcribing agency DLC
Modifying agency DLC
050 00 - LIBRARY OF CONGRESS CALL NUMBER
Classification number RB37
Item number .C593 1989
060 ## - NATIONAL LIBRARY OF MEDICINE CALL NUMBER
Classification number QY 4 C6415
082 00 - DEWEY DECIMAL CLASSIFICATION NUMBER
Classification number QY 4
Item number C611b 1989
245 00 - TITLE STATEMENT
Title Clinical laboratory science :
Remainder of title strategies for practice /
Statement of responsibility, etc. edited by Brenta G. Davis, Michael L. Bishop, Diana Mass ; associate editors, Janet Duben-Von Laufen ... [et al.] ; with 65 contributors.
260 ## - PUBLICATION, DISTRIBUTION, ETC. (IMPRINT)
Place of publication, distribution, etc. Philadelphia :
Name of publisher, distributor, etc. Lippincott,
Date of publication, distribution, etc. 1989.
300 ## - PHYSICAL DESCRIPTION
Extent xlvi, 1024 p. :
Other physical details ill. ;
Dimensions 25 cm.
504 ## - BIBLIOGRAPHY, ETC. NOTE
Bibliography, etc Includes bibliographies and index.
650 #0 - SUBJECT ADDED ENTRY--TOPICAL TERM
Topical term or geographic name as entry element Diagnosis, Laboratory.
9 (RLIN) 904
650 #2 - SUBJECT ADDED ENTRY--TOPICAL TERM
Topical term or geographic name as entry element Diagnosis, Laboratory.
9 (RLIN) 904
650 #2 - SUBJECT ADDED ENTRY--TOPICAL TERM
Topical term or geographic name as entry element Technology, Medical.
9 (RLIN) 905
700 1# - ADDED ENTRY--PERSONAL NAME
Personal name Davis, Brenta G.
9 (RLIN) 9598
700 1# - ADDED ENTRY--PERSONAL NAME
Personal name Bishop, Michael L.
9 (RLIN) 9599
700 1# - ADDED ENTRY--PERSONAL NAME
Personal name Mass, Diana.
9 (RLIN) 9600
906 ## - LOCAL DATA ELEMENT F, LDF (RLIN)
a 7
b cbc
c orignew
d 1
e ocip
f 19
g y-gencatlg
942 ## - ADDED ENTRY ELEMENTS (KOHA)
Source of classification or shelving scheme Other/Generic Classification Scheme
Koha item type Open Shelf
Holdings
Withdrawn status Lost status Source of classification or shelving scheme Damaged status Not for loan Home library Current library Date acquired Inventory number Total Checkouts Full call number Barcode Date last seen Price effective from Koha item type
    Other/Generic Classification Scheme     MUST Main Library MUST Main Library 24/06/2016 2011/34357   QY 4 C611b 1989 2016-2700 24/06/2016 24/06/2016 Open Shelf